Know your MPs (2017-2021) in the 7th Parliament (Record no. 335)

MARC details
000 -LEADER
fixed length control field 00482nam a2200169Ia 4500
008 - FIXED-LENGTH DATA ELEMENTS--GENERAL INFORMATION
fixed length control field 240428s9999||||xx |||||||||||||| ||und||
020 ## - INTERNATIONAL STANDARD BOOK NUMBER
International Standard Book Number 9789998252281
041 ## - LANGUAGE CODE
Language code of text/sound track or separate title eng
082 ## - DEWEY DECIMAL CLASSIFICATION NUMBER
Classification number 328.33V
100 ## - MAIN ENTRY--PERSONAL NAME
Personal name Vieta, Kojo T
245 #0 - TITLE STATEMENT
Title Know your MPs (2017-2021) in the 7th Parliament
260 ## - PUBLICATION, DISTRIBUTION, ETC.
Name of publisher, distributor, etc. Flagbearers Publishers
Place of publication, distribution, etc. Accra
Date of publication, distribution, etc. 2017
300 ## - PHYSICAL DESCRIPTION
Extent x, 169 p. : ill., col. maps
650 ## - SUBJECT ADDED ENTRY--TOPICAL TERM
Topical term or geographic name entry element Ghana. Parliament -- Directories. - Legislators -- Ghana.
942 ## - ADDED ENTRY ELEMENTS (KOHA)
Koha item type Books
Holdings
Withdrawn status Lost status Damaged status Not for loan Home library Current library Shelving location Date acquired Total checkouts Full call number Date last seen Copy number Price effective from Koha item type
        Main Library Main Library Open Shelves 14/09/2021   328.33V 1181 C1 - 328.33V 1368 C2 29/04/2024 1 29/04/2024 Books
©2026  Parliament of Ghana Library - All rights reserved